000 00342nam a2200133Ia 4500
008 240624s9999 xx 000 0 und d
041 _aeng
082 _a332.042 WAN
100 _aWANG PEIJIE
245 _aECONOMICS OF FOREIGN EXCHANGE AND GLOBAL
260 _c2005
_aNew York
_bSpringer
300 _axii, : 351 : p. : cm. ; 24
365 _cRS
999 _c3086
_d3086